000 00713nam a2200289Ia 4500
005 20260324130932.0
008 008 260324s9999 xx 000 0 eng d
020 _a9781849771696
037 _aEBOOK
040 _aCRL
040 _beng
040 _cCRL
041 _2eng
041 _aeng
084 _qCRL
100 _aNicolas de Sadeleer
_91183599
245 0 _aImplementing the Precautionary Principle
245 0 _bApproaches from the Nordic Countries, EU and USA
260 _bTaylor and Francis
260 _c2007
365 _a
365 _b230
856 _uhttp://www.taylorfrancis.com/books/9781849771696
942 _cEBOOK
999 _c1780314
_d1780314